| 000 | 00579nam a22001457a 4500 | ||
|---|---|---|---|
| 020 | _a978-0-00-727859 | ||
| 082 |
_a823 _bCOE/B |
||
| 100 | _aCOELHO,PAULO | ||
| 245 | _aBRIDA | ||
| 260 |
_aLONDON _bHAPPER COLLINS |
||
| 300 | _a266 | ||
| 520 | _aIt is the story of a beautiful young Irish girl and her quest for knowledge. She finds a hermit mage who teaches her to overcome fear and a witch who teaches her how to dance to the hidden music of the world. They see in her a gift, but must let her make her own voyage of discovery. | ||
| 650 |
_aNOVEL,ENGLISH _zLONDON |
||
| 942 | _cBK | ||
| 999 |
_c2363 _d2363 |
||